|
|
|
|
| LEADER |
00000cam a22000004a 4500 |
| 001 |
musev2_63246 |
| 003 |
MdBmJHUP |
| 005 |
20230905050517.0 |
| 006 |
m o d |
| 007 |
cr||||||||nn|n |
| 008 |
180501s2012 enk o 00 0 eng d |
| 020 |
|
|
|a 9781526129666
|
| 020 |
|
|
|z 9780719090042
|
| 020 |
|
|
|z 9780719084577
|
| 035 |
|
|
|a (OCoLC)1085617428
|
| 040 |
|
|
|a MdBmJHUP
|c MdBmJHUP
|
| 245 |
0 |
0 |
|a Public relations and the making of modern Britain :
|b Stephen Tallents and the birth of a progressive media profession /
|c Scott Anthony.
|
| 264 |
|
1 |
|a MANCHESTER :
|b MANCHESTER UNIV Press,
|c 2012.
|
| 264 |
|
3 |
|a Baltimore, Md. :
|b Project MUSE,
|c 2020
|
| 264 |
|
4 |
|c ©2012.
|
| 300 |
|
|
|a 1 online resource (280 pages).
|
| 336 |
|
|
|a text
|b txt
|2 rdacontent
|
| 337 |
|
|
|a computer
|b c
|2 rdamedia
|
| 338 |
|
|
|a online resource
|b cr
|2 rdacarrier
|
| 505 |
0 |
|
|a Machine generated contents note: 1.After the Great War: The origin of public relations -- 2.Beginnings: The Empire Marketing Board, 1926-1933 -- 3.The Projection of England and documentary cinema -- 4.A triumph of public relations: The GPO, 1933-1935 -- 5.The limits of public relations: The BBC and the Ministry of Information -- 6.Rebuilding the nation: The Festival of Britain and the formation of the Institute of Public Relations -- 7.Conclusion.
|
| 588 |
|
|
|a Description based on print version record.
|
| 600 |
1 |
4 |
|a Tallents, Stephen,
|d 1884-1958
|x Studies.
|
| 600 |
1 |
1 |
|a Tallents, Stephen,
|d 1884-1958.
|
| 600 |
1 |
0 |
|a Tallents, Stephen,
|d 1884-1958.
|
| 650 |
|
7 |
|a Public relations.
|2 fast
|0 (OCoLC)fst01082892
|
| 650 |
|
7 |
|a BUSINESS & ECONOMICS / Advertising & Promotion.
|2 bisacsh
|
| 650 |
|
6 |
|a Relations publiques
|z Grande-Bretagne
|x Histoire.
|
| 650 |
|
0 |
|a Public relations
|z Great Britain
|x History.
|
| 651 |
|
7 |
|a Great Britain.
|2 fast
|0 (OCoLC)fst01204623
|
| 655 |
|
7 |
|a History.
|2 fast
|0 (OCoLC)fst01411628
|
| 655 |
|
7 |
|a Electronic books.
|2 local
|
| 710 |
2 |
|
|a Project Muse.
|e distributor
|
| 830 |
|
0 |
|a Book collections on Project MUSE.
|
| 856 |
4 |
0 |
|z Texto completo
|u https://projectmuse.uam.elogim.com/book/63246/
|
| 945 |
|
|
|a Project MUSE - Custom Collection
|